Shapleyho hodnota aplikovaná v kooperatívnej úlohe rozvozu

Teória kooperatívnych hier, kooperatívna úloha rozvozu, Shapleyho hodnota kooperatívnej hry. Kooperatívne hry v oblasti logistiky. Vyčíslenie rozdelenia výhier (prípad spravodlivého rozdelenia usporených prepravných nákladov) v kooperatívnej úlohe rozvozu s cieľom minimalizácie celkových prepravných...

Full description

Saved in:
Bibliographic Details
Main Author: Figurová, Dana
Other Authors: Čičková, Zuzana, 1978-
Format: Book Chapter
Language:Slovak
Subjects:
Tags: Add Tag
No Tags, Be the first to tag this record!

MARC

LEADER 00000naa$a2200000$$$4500
001 0249955
005 20240502083712.8
041 0 |a slo 
044 |a CZ 
245 1 0 |a Shapleyho hodnota aplikovaná v kooperatívnej úlohe rozvozu  |c Dana Figurová, Zuzana Čičková 
520 |a Teória kooperatívnych hier, kooperatívna úloha rozvozu, Shapleyho hodnota kooperatívnej hry. Kooperatívne hry v oblasti logistiky. Vyčíslenie rozdelenia výhier (prípad spravodlivého rozdelenia usporených prepravných nákladov) v kooperatívnej úlohe rozvozu s cieľom minimalizácie celkových prepravných nákladov na základe Shapleyho hodnoty hry. 
610 2 0 |a logistika 
610 2 0 |a preprava 
610 2 0 |a náklady 
610 2 0 |a náklady dopravné 
610 2 0 |a znižovanie nákladov 
610 2 0 |a teória hier 
610 2 0 |a kooperácia 
610 2 0 |a optimalizácia 
610 2 0 |a metódy matematické 
100 1 |a Figurová, Dana 
700 1 |a Čičková, Zuzana, 1978-